meilleur switch in a blacephalon scarf en OU - Statistiques

Statistiques générales
  • Ce quiz a été pris 3 fois
  • Le résultat moyen est 5 sur 9
Statistiques - réponses
Hint Réponse % Correct
33%-39% ball'ombre predasterie
100%
19%-22% ball'ombre dracolosse
67%
35%-42% caboche-kaboum ekaiser
67%
27%-32% ball'ombre heatran
67%
29%-35% caboche-kaboum leuphorie
67%
33%-39% ball'ombre tokopisco
67%
40%-47% ball'ombre carchacrok
33%
38%-45% ball-ombre roigada de galar
33%
16%-19% caboche-kaboum tyranocif
33%
Aucun quiz correspondant
Distribution des résultats
% des personnes avec chaque résultat
Percentile par nombre de réponses
Votre historique - résultats
Vous n’avez pas pris ce quiz